000 01152nam a22001817a 4500
005 20251108165334.0
008 250721s1971 mr gr 000 0 ara d
082 1 4 _a001.5014
_bم ك ت
110 2 _aجامعة الدول العربية المنظمة العربية للتربية و الثقافة والعلوم
_bالمكتب الدائم لتنسيق التعريب في الوطن العربي
_eمعد.
245 1 0 _aمصطلحات الإعلامية :
_bإنجليزي - فرنسي - عربي /
_c جامعة الدول العربية المنظمة العربية للتربية و الثقافة والعلوم المكتب الدائم لتنسيق التعريب في الوطن العربي.
250 _aالطبعة الاولى
264 3 1 _aالمملكة المغربية، الرباط
_b جامعة الدول العربية المنظمة العربية للتربية و الثقافة والعلوم المكتب الدائم لتنسيق التعريب في الوطن العربي،
_c1971.
300 _a113صفحة .
650 1 7 _aالإعلام
650 1 7 _aالمصطلحات
942 _2ddc
_cREF
999 _c25465
_d25465